Formulating highway construction programs; (Record no. 547427)

000 -LEADER
fixed length control field 00498cam a22001331 4500
082 ## - DEWEY DECIMAL CLASSIFICATION NUMBER
Classification number 625.7068
Author Mark NAST
245 10 - TITLE STATEMENT
Title Formulating highway construction programs;
Statement of responsibility, etc. Workshop Conference proceedings.
260 ## - PUBLICATION, DISTRIBUTION, ETC.
Place of publication, distribution, etc. Washington,
Name of publisher, distributor, etc. Division of Engineering and Industrial Research, National Academy of Sciences-National Research Council,
Date of publication, distribution, etc. 1961.
300 ## - PHYSICAL DESCRIPTION
Extent 208 p.
Other physical details map., diagrs., tables.
Dimensions 25 cm.
526 ## - STUDY PROGRAM INFORMATION NOTE
Program name 0
Interest level 0
Reading level 0
Title point value 625_706800000000000_NAST
650 #0 - SUBJECT ADDED ENTRY--TOPICAL TERM
Topical term or geographic name entry element MCE
9 (RLIN) 379
650 #0 - SUBJECT ADDED ENTRY--TOPICAL TERM
Topical term or geographic name entry element Roads
942 ## - ADDED ENTRY ELEMENTS (KOHA)
Source of classification or shelving scheme
Koha item type Book
Holdings
Withdrawn status Lost status Source of classification or shelving scheme Damaged status Not for loan Permanent Location Current Location Date acquired Total Checkouts Full call number Barcode Date last seen Price effective from Koha item type
          Military College of Engineering (MCE) Military College of Engineering (MCE) 07/14/2014   625.7068 NAST MCE-43393 07/14/2014 07/14/2014 Book
© 2023 Central Library, National University of Sciences and Technology. All Rights Reserved.